000 00319nam a22001337a 4500
020 _a0-19-853446-9
082 _a515.9 NEE
100 _aNEEDHAM, TRISTAN
_977961
245 _aVISUAL COMPLEX ANALYSIS
260 _aOXFORD
_bCLARENDON PRESS
_c1998
300 _a592P
650 _aCOMPLEX ANALYSIS
_958033
942 _cBK
999 _c583130
_d583130